| 000 | 01537cam a2200409 a 4500 | ||
|---|---|---|---|
| 001 | EDZ0000117226 | ||
| 003 | StDuBDS | ||
| 005 | 20161031105150.0 | ||
| 006 | m||||||||d|||||||| | ||
| 007 | cr ||||||||||| | ||
| 008 | 130111s2003 enkc fo| 000|0|eng d | ||
| 020 |
_a9781446262696 (ebook) : _cNo price |
||
| 040 |
_aStDuBDS _beng _cStDuBDS _epn |
||
| 041 | 0 |
_aeng _ager _afre |
|
| 049 | _aAlfaisal Main Library | ||
| 050 | 0 |
_aHM585 _b.N67 2003 |
|
| 082 | 0 | 4 |
_a301 _223 |
| 245 | 0 | 0 |
_aNorbert Elias _h[electronic resource] / _cedited by Eric Dunning & Stephen Mennell. |
| 260 |
_aLondon : _bSAGE, _c2003. |
||
| 300 |
_a1 online resource (4 v.) : _bports. |
||
| 490 | 1 | _aSAGE masters of modern social thought | |
| 520 | 8 | _aThis work provides a comprehensive and penetrating survey of Elias's life and work. It pinpoints the main fields of research which Elias and his followers have explored. | |
| 521 | _aSpecialized. | ||
| 546 | _aText in English with some chapters in German and French. | ||
| 588 | _aDescription based on print version record. | ||
| 504 | _aIncludes bibliographical references. | ||
| 600 | 1 | 0 |
_aElias, Norbert, _d1897-1990. |
| 650 | 0 | _aSociology. | |
| 655 | 7 |
_aElectronic books. _2local |
|
| 700 | 1 | _aDunning, Eric. | |
| 700 | 1 | _aMennell, Stephen. | |
| 710 | 2 | _aSage eBooks | |
| 776 | 0 | 8 |
_iPrint version : _z9780761974574 |
| 830 | 0 | _aSAGE masters of modern social thought. | |
| 856 | 4 | 0 | _uhttp://ezproxy.alfaisal.edu/login?url=http://sk.sagepub.com/navigator/norbert-elias |
| 942 |
_2lcc _cEBOOKS |
||
| 999 |
_c480765 _d480765 |
||